000 00646nam a2200229Ia 4500
003 OSt
005 20220923214803.0
006 a|||||r|||| 00| 0
007 ta
008 220922b |||||||| |||| 00| 0 hin d
024 _a172,744
037 _cTextual
040 _aARTS
_cARTS
_bhin
041 _2hin
_ahin
082 _aO152:3NRA:11, K0;1
100 _aमिश्र, राधवेन्द्र
_9156365
245 0 _aस्नेहलता
246 _aSnehalatā
260 _c1960
942 _hO152:3NRA:11, K0;1
_cTEXL
_2CC
999 _c326752
_d326752